| 000 | 00427nam a22001817a 4500 | ||
|---|---|---|---|
| 003 | MPLRDC | ||
| 005 | 20220104113834.0 | ||
| 008 | 210129b ||||| |||| 00| 0 eng d | ||
| 082 | _a848.2 SM-16 c.2 | ||
| 100 | _a三毛著 | ||
| 245 |
_a雨季不再来 _c |
||
| 250 | _a初版 | ||
| 260 |
_a _b皇冠杂志社 _c1976 |
||
| 300 | _b平 | ||
| 490 | _a皇冠丛书;463 | ||
| 650 | _a现代别集 | ||
| 942 |
_cBK _o848.2 SM-16 c.2 |
||
| 999 |
_c2756 _d2746 |
||